[Event "Godinn CC op"]
[Site "Skutustadir"]
[Date "2025.03.15"]
[Round "4"]
[White "Kjartansson, David"]
[Black "Bergsson, Stefan"]
[Result "1-0"]
[WhiteElo "2266"]
[BlackElo "2152"]
[PlyCount "37"]
[EventDate "2025.03.13"]
[EventType "swiss"]
[EventRounds "6"]
[EventCountry "ISL"]
[SourceTitle "CB12_2025"]
[SourceDate "2025.03.19"]
[SourceVersion "1"]
[SourceVersionDate "2025.03.19"]
[SourceQuality "1"]

1. d4 d5 2. Nf3 Nf6 3. Bg5 Ne4 4. Bh4 c6 5. e3 Bg4 6. Be2 Qb6 7. Qc1 Nd7 8. c4 dxc4 9. 0-0 g5 10. Bg3 h5 11. Bxc4 h4 12. Ne5 Bh5 13. Nxd7 Kxd7 14. Be5 f6 15. Qc2 Bg6 16. Nc3 fxe5 17. Nxe4 Bg7 18. Nc5+ Qxc5 19. Be6+ 1-0

[Event "Godinn CC op"]
[Site "Skutustadir"]
[Date "2025.03.15"]
[Round "5"]
[White "Ragnarsson, Dagur"]
[Black "Kjartansson, David"]
[Result "1/2-1/2"]
[WhiteElo "2354"]
[BlackElo "2266"]
[PlyCount "85"]
[EventDate "2025.03.13"]
[EventType "swiss"]
[EventRounds "6"]
[EventCountry "ISL"]
[SourceTitle "CB12_2025"]
[SourceDate "2025.03.19"]
[SourceVersion "1"]
[SourceVersionDate "2025.03.19"]
[SourceQuality "1"]

1. Nf3 c5 2. g3 Nc6 3. Bg2 g6 4. c4 Bg7 5. Nc3 d6 6. 0-0 e5 7. a3 Nge7 8. d3 h6 9. Rb1 0-0 10. Nd2 Be6 11. Nd5 Rb8 12. b4 cxb4 13. axb4 b5 14. Nxe7+ Nxe7 15. cxb5 Rxb5 16. Qa4 Qd7 17. Ne4 Rfb8 18. Bxh6 a5 19. Bxg7 Kxg7 20. Nc3 Rxb4 21. Qxa5 Rxb1 22. Rxb1 Rxb1+ 23. Nxb1 Bh3 24. Bxh3 Qxh3 25. Qc7 Nf5 26. Nc3 Qg4 27. Qb7 Nd4 28. Qe4 Qc8 29. e3 Qxc3 30. exd4 exd4 31. g4 g5 32. Kg2 Qc5 33. Kg3 f6 34. h4 gxh4+ 35. Kxh4 Qe5 36. Qxe5 dxe5 37. Kg3 Kh6 38. f4 exf4+ 39. Kxf4 Kg6 40. Kf3 Kh6 41. Kf4 Kg6 42. Kf3 Kh6 43. Ke4 1/2-1/2

[Event "Titled Tuesday intern op 09th Jan Early"]
[Site "Chess.com INT"]
[Date "2024.01.09"]
[Round "9"]
[White "Kjartansson, David"]
[Black "Demin, Vladimir"]
[Result "0-1"]
[WhiteElo "2286"]
[BlackElo "2430"]
[PlyCount "90"]
[EventDate "2024.01.09"]
[EventType "swiss (blitz)"]
[EventRounds "11"]
[EventCountry "USA"]
[SourceTitle "CBM 218 Extra"]
[Source "ChessBase"]
[SourceDate "2024.03.31"]
[SourceVersion "1"]
[SourceVersionDate "2024.03.31"]
[SourceQuality "1"]

1. e4 e5 2. Nf3 Nc6 3. d4 exd4 4. Nxd4 Nf6 5. Nxc6 bxc6 6. e5 Qe7 7. Qe2 Nd5 8. h4 d6 9. c4 Nb6 10. exd6 cxd6 11. b3 d5 12. cxd5 Nxd5 13. Bb2 Qxe2+ 14. Bxe2 Bb4+ 15. Kf1 0-0 16. Na3 a5 17. Nc4 a4 18. h5 a3 19. Bd4 c5 20. Be5 Re8 21. Bf3 Bb7 22. Rd1 Rad8 23. Rh4 f6 24. Bd6 Nc3 25. Rd3 Bxf3 26. gxf3 Nxa2 27. Kg2 Nc1 28. Rd1 Nxb3 29. Ne3 a2 30. Nc2 a1Q 31. Nxa1 Nxa1 32. Rxa1 Rxd6 33. Ra7 Rd4 34. f4 c4 35. h6 g5 36. Rg7+ Kh8 37. Rh1 Re7 38. Rxe7 Bxe7 39. Re1 Rd7 40. fxg5 fxg5 41. Re6 Rc7 42. Kf1 c3 43. Ra6 Kg8 44. Ke2 c2 45. Ra8+ Kf7 0-1

[Event "Titled Tuesday intern op 09th Jan Early"]
[Site "Chess.com INT"]
[Date "2024.01.09"]
[Round "10"]
[White "Kohler, Aran"]
[Black "Kjartansson, David"]
[Result "1-0"]
[WhiteElo "2029"]
[BlackElo "2286"]
[PlyCount "95"]
[EventDate "2024.01.09"]
[EventType "swiss (blitz)"]
[EventRounds "11"]
[EventCountry "USA"]
[SourceTitle "CBM 218 Extra"]
[Source "ChessBase"]
[SourceDate "2024.03.31"]
[SourceVersion "1"]
[SourceVersionDate "2024.03.31"]
[SourceQuality "1"]

1. d4 d5 2. Nf3 Nf6 3. Bg5 c5 4. e3 Nc6 5. c3 Bf5 6. Nbd2 e6 7. Bb5 Qb6 8. Qa4 Nd7 9. 0-0 h6 10. Bh4 a6 11. Bxc6 bxc6 12. b3 Bd3 13. Rfe1 Bb5 14. Qa3 cxd4 15. Qb2 dxe3 16. fxe3 Bd6 17. c4 0-0 18. cxb5 axb5 19. Bf2 c5 20. Qc2 e5 21. e4 d4 22. a4 b4 23. Nc4 Qc7 24. Red1 Be7 25. Ne1 f6 26. Nd3 Rfc8 27. a5 Nf8 28. Nb6 Rab8 29. Nxc8 Rxc8 30. a6 Ra8 31. Nxb4 Qb6 32. Nd5 Qd6 33. Nxe7+ Qxe7 34. Qc4+ Kh8 35. Rdc1 Ne6 36. Qd5 Ra7 37. b4 cxb4 38. Rc8+ Kh7 39. Qb5 b3 40. Qxb3 Nf4 41. Qb8 Kg6 42. h3 Qd7 43. Rh8 Qe7 44. Qe8+ Qxe8 45. Rxe8 d3 46. Rb8 Ne2+ 47. Kf1 Nd4 48. Bxd4 1-0

[Event "Titled Tuesday intern op 27th Jun Early"]
[Site "Chess.com INT"]
[Date "2023.06.27"]
[Round "6"]
[White "Erdogmus, Yagiz Kaan"]
[Black "Kjartansson, David"]
[Result "1-0"]
[WhiteElo "2475"]
[BlackElo "2292"]
[PlyCount "105"]
[EventDate "2023.06.27"]
[EventType "swiss (blitz)"]
[EventRounds "11"]
[EventCountry "USA"]
[SourceTitle "EXT 2024"]
[Source "ChessBase"]
[SourceDate "2023.10.10"]
[SourceVersion "1"]
[SourceVersionDate "2023.10.10"]
[SourceQuality "1"]

1. e4 d6 2. d4 Nf6 3. Nc3 e5 4. Nf3 Nbd7 5. Bc4 Be7 6. 0-0 c6 7. a4 Qc7 8. h3 h6 9. Re1 Nf8 10. a5 g5 11. dxe5 dxe5 12. Nh2 Ng6 13. Ng4 Nxg4 14. hxg4 Bb4 15. Qf3 Nf4 16. g3 Ne6 17. Bd2 Be7 18. Nd1 Rh7 19. Ne3 Nd4 20. Qd1 Be6 21. c3 Bxc4 22. cxd4 Bb5 23. d5 0-0-0 24. Nf5 Bf8 25. a6 bxa6 26. Ba5 Qd7 27. Bxd8 Qxd8 28. dxc6 Qxd1 29. Rexd1 f6 30. Nd6+ Bxd6 31. Rxd6 Rf7 32. Rad1 Kc7 33. Rd7+ Rxd7 34. Rxd7+ Kxc6 35. Rf7 Kc5 36. Rxf6 Kd4 37. Rxh6 Kxe4 38. Rg6 Be2 39. Rxg5 a5 40. Rg7 a6 41. g5 Kf5 42. g6 Kf6 43. Rc7 Kxg6 44. Rc5 Kf5 45. f4 Kg4 46. Rxe5 Bb5 47. Kg2 Bc6+ 48. Kf2 Bb5 49. Rg5+ Kh3 50. f5 a4 51. f6 Bc4 52. Rh5+ Kg4 53. Rh4+ 1-0

[Event "Titled Tuesday intern op 27th Jun Early"]
[Site "Chess.com INT"]
[Date "2023.06.27"]
[Round "1"]
[White "Ng, Clive"]
[Black "Kjartansson, David"]
[Result "0-1"]
[WhiteElo "2072"]
[BlackElo "2292"]
[PlyCount "78"]
[EventDate "2023.06.27"]
[EventType "swiss (blitz)"]
[EventRounds "11"]
[EventCountry "USA"]
[SourceTitle "EXT 2024"]
[Source "ChessBase"]
[SourceDate "2023.10.10"]
[SourceVersion "1"]
[SourceVersionDate "2023.10.10"]
[SourceQuality "1"]

1. e4 d6 2. d4 Nf6 3. Nc3 e5 4. Nge2 Nbd7 5. f3 Be7 6. Be3 c6 7. Qd2 Qc7 8. g4 b5 9. Ng3 g6 10. h4 h5 11. g5 Nh7 12. 0-0-0 0-0 13. f4 b4 14. Nce2 Nb6 15. Ng1 Bg4 16. Re1 exd4 17. Bxd4 c5 18. Bf2 Rfe8 19. f5 Bf8 20. Nh3 a5 21. Nf4 a4 22. Nd5 Nxd5 23. Qxd5 Kh8 24. Bc4 b3 25. Qxf7 Qxf7 26. Bxf7 gxf5 27. Bxe8 bxa2 28. Kd2 Rxe8 29. exf5 Rb8 30. Ra1 Rxb2 31. Kc3 a3 32. Rhe1 Bg7+ 33. f6 Nxf6 34. gxf6 Bxf6+ 35. Kc4 Rxc2+ 36. Kb3 Rxf2 37. Rxa2 Rf3+ 38. Ka4 Bd7+ 39. Ka5 Bc3+ 0-1

[Event "Titled Tuesday intern op 20th Jun Early"]
[Site "Chess.com INT"]
[Date "2023.06.20"]
[Round "1"]
[White "Mayaud, Raphael"]
[Black "Kjartansson, David"]
[Result "0-1"]
[WhiteElo "2201"]
[BlackElo "2292"]
[PlyCount "48"]
[EventDate "2023.06.20"]
[EventType "swiss (blitz)"]
[EventRounds "11"]
[EventCountry "USA"]
[SourceTitle "EXT 2024"]
[Source "ChessBase"]
[SourceDate "2023.10.10"]
[SourceVersion "1"]
[SourceVersionDate "2023.10.10"]
[SourceQuality "1"]

1. e4 d6 2. Nf3 Nf6 3. Nc3 Nbd7 4. Bc4 c6 5. 0-0 b5 6. Bb3 a5 7. a4 b4 8. Ne2 Nxe4 9. d3 Nec5 10. c4 e6 11. d4 Nxb3 12. Qxb3 Be7 13. Be3 0-0 14. c5 d5 15. h3 Ba6 16. Qc2 Bf6 17. Rfd1 g6 18. g4 Bg7 19. b3 Qe7 20. h4 e5 21. dxe5 Nxe5 22. Nxe5 Bxe5 23. Nd4 Qxh4 24. Kg2 Qxg4+ 0-1

[Event "Titled Tuesday intern op 20th Jun Early"]
[Site "Chess.com INT"]
[Date "2023.06.20"]
[Round "2"]
[White "Sadhwani, Raunak"]
[Black "Kjartansson, David"]
[Result "1-0"]
[WhiteElo "2603"]
[BlackElo "2292"]
[PlyCount "133"]
[EventDate "2023.06.20"]
[EventType "swiss (blitz)"]
[EventRounds "11"]
[EventCountry "USA"]
[SourceTitle "EXT 2024"]
[Source "ChessBase"]
[SourceDate "2023.10.10"]
[SourceVersion "1"]
[SourceVersionDate "2023.10.10"]
[SourceQuality "1"]

1. Nf3 d6 2. d4 Nf6 3. Nc3 Nbd7 4. e4 e5 5. Bc4 Be7 6. 0-0 c6 7. Re1 Qc7 8. a4 h6 9. h3 Nf8 10. Nh4 exd4 11. Qxd4 Ne6 12. Qd1 Nc5 13. Qf3 Be6 14. Bxe6 Nxe6 15. Nf5 0-0-0 16. Be3 Kb8 17. Rad1 Rhe8 18. Qg3 Bf8 19. f3 b6 20. Re2 Nh5 21. Qf2 Nhf4 22. Red2 g6 23. Nd4 g5 24. Nf5 Kb7 25. b4 d5 26. exd5 cxd5 27. Nb5 Qc4 28. c3 Rd7 29. Kh2 a6 30. Nbd4 Qxc3 31. Rc2 Qxb4 32. Rb2 Qxa4 33. Nxe6 Rxe6 34. Rdb1 b5 35. Ra2 Qc4 36. Rc2 Qa4 37. Nd4 Nd3 38. Qd2 Bd6+ 39. Kh1 Nf4 40. Nxe6 fxe6 41. Rbc1 Rc7 42. Rxc7+ Bxc7 43. Qc3 Qc4 44. Qg7 Nh5 45. Rxc4 Nxg7 46. Rc1 Nf5 47. Bd2 Bb6 48. g4 Ng3+ 49. Kg2 Ne2 50. Re1 Nd4 51. h4 gxh4 52. Bxh6 a5 53. g5 h3+ 54. Kxh3 Nxf3 55. Rxe6 a4 56. g6 Bd4 57. g7 Bxg7 58. Re7+ Kc6 59. Bxg7 Kc5 60. Kg3 Nd2 61. Kf2 Ne4+ 62. Ke3 Kc4 63. Rc7+ Kb3 64. Rb7 b4 65. Bf8 Nc3 66. Rxb4+ Kc2 67. Rb8 1-0

[Event "Titled Tuesday intern op 02nd May Late"]
[Site "Chess.com INT"]
[Date "2023.05.02"]
[Round "3"]
[White "Kjartansson, David"]
[Black "Gasparyan, Davit"]
[Result "1-0"]
[WhiteElo "2292"]
[BlackElo "2142"]
[PlyCount "145"]
[EventDate "2023.05.02"]
[EventType "swiss (blitz)"]
[EventRounds "11"]
[EventCountry "USA"]
[SourceTitle "EXT 2024"]
[Source "ChessBase"]
[SourceDate "2023.10.10"]
[SourceVersion "1"]
[SourceVersionDate "2023.10.10"]
[SourceQuality "1"]

1. d4 Nf6 2. Nc3 d5 3. Bf4 a6 4. e3 Bf5 5. Nf3 e6 6. Ne5 Nbd7 7. g4 Be4 8. f3 Bg6 9. h4 Nxe5 10. dxe5 d4 11. Ne2 Bxc2 12. Qxc2 d3 13. Qa4+ b5 14. Qb3 dxe2 15. Bxe2 Nd5 16. Rd1 Qe7 17. Rxd5 exd5 18. Qxd5 Rd8 19. Qc6+ Qd7 20. Qxa6 Bb4+ 21. Kf2 c6 22. Rd1 Qc8 23. Rxd8+ Kxd8 24. Qa7 Qd7 25. Qb8+ Qc8 26. Qb6+ Qc7 27. Qd4+ Kc8 28. Qxb4 Qb8 29. e6 Qb7 30. exf7 Qxf7 31. Qd6 Qb7 32. Qe6+ Qd7 33. Qe5 Kb7 34. a4 bxa4 35. Qa5 Ra8 36. Qb4+ Kc8 37. Ba6+ Kd8 38. Qf8+ Qe8 39. Qxg7 Qd7 40. Qf8+ Qe8 41. Bg5+ Kd7 42. Qf5+ Kc7 43. Qa5+ Kd7 44. Qb6 Qe5 45. Qb7+ Kd6 46. Bf4 Qxf4 47. exf4 Re8 48. Qb4+ Kc7 49. Qxa4 Kd6 50. Bd3 Kc7 51. Be4 Re6 52. Qxc6+ Rxc6 53. Bxc6 Kxc6 54. f5 Kd6 55. Ke3 Ke5 56. f4+ Kd5 57. h5 h6 58. g5 Kd6 59. gxh6 Ke7 60. b4 Kf7 61. b5 Kg8 62. b6 Kf7 63. b7 Ke7 64. f6+ Ke6 65. Ke4 Kf7 66. f5 Kg8 67. b8Q+ Kh7 68. Qc7+ Kxh6 69. Qg7+ Kxh5 70. Qg6+ Kh4 71. f7 Kh3 72. f8Q Kh2 73. Qh8# 1-0

[Event "Titled Tuesday intern op 02nd May Late"]
[Site "Chess.com INT"]
[Date "2023.05.02"]
[Round "1"]
[White "Kjartansson, David"]
[Black "Kostiukov, Alexandr"]
[Result "1-0"]
[WhiteElo "2292"]
[BlackElo "2271"]
[PlyCount "81"]
[EventDate "2023.05.02"]
[EventType "swiss (blitz)"]
[EventRounds "11"]
[EventCountry "USA"]
[SourceTitle "EXT 2024"]
[Source "ChessBase"]
[SourceDate "2023.10.10"]
[SourceVersion "1"]
[SourceVersionDate "2023.10.10"]
[SourceQuality "1"]

1. d4 g6 2. Nc3 Bg7 3. Bf4 d6 4. e3 e5 5. dxe5 dxe5 6. Qxd8+ Kxd8 7. 0-0-0+ Nd7 8. Bg5+ f6 9. Bh4 Nh6 10. Nf3 Nf5 11. Nxe5 Nxh4 12. Nf7+ Ke8 13. Nxh8 Bxh8 14. Bc4 c6 15. g3 Nf3 16. Be2 Nde5 17. Ne4 Ke7 18. Nd2 Nxd2 19. Rxd2 Be6 20. f4 Ng4 21. Bxg4 Bxg4 22. e4 Rd8 23. Rxd8 Kxd8 24. Kd2 Ke7 25. Ke3 Be6 26. b3 Bg7 27. h3 h5 28. Kf3 f5 29. Rh2 a5 30. c4 Bd4 31. e5 c5 32. h4 a4 33. Ke2 axb3 34. axb3 b5 35. Kd3 b4 36. Ra2 Bd7 37. Ra6 Kf7 38. Rf6+ Kg7 39. Rd6 Be8 40. Rxd4 cxd4 41. Kxd4 1-0

[Event "ISL-chT Kvika 2223"]
[Site "Reykjavik"]
[Date "2023.03.18"]
[Round "8.3"]
[White "Kjartansson, David"]
[Black "Einarsson, Halldor Gretar"]
[Result "1-0"]
[WhiteElo "2295"]
[BlackElo "2216"]
[PlyCount "37"]
[EventDate "2022.10.13"]
[EventType "team-tourn"]
[EventRounds "10"]
[EventCountry "ISL"]
[SourceTitle "CBM 213 Extra"]
[Source "ChessBase"]
[SourceDate "2023.05.31"]
[SourceVersion "1"]
[SourceVersionDate "2023.05.31"]
[SourceQuality "1"]
[WhiteTeam "Vikingaklubburinn"]
[BlackTeam "Breidjblik Skakdeild"]
[WhiteTeamCountry "ISL"]
[BlackTeamCountry "ISL"]

1. d4 Nf6 2. Bg5 c5 3. d5 Qb6 4. Nc3 Qxb2 5. Bd2 Qb6 6. e4 d6 7. f4 g6 8. Nf3 Bg7 9. e5 dxe5 10. fxe5 Ng4 11. Rb1 Qd8 12. Bb5+ Kf8 13. Qe2 a6 14. Bd3 b5 15. 0-0 c4 16. Be4 Nxe5 17. Nxe5 Bxe5 18. d6 Nc6 19. Bxc6 1-0

[Event "Reykjavik Skakping op"]
[Site "Reykjavik"]
[Date "2023.01.22"]
[Round "5"]
[White "Kjartansson, David"]
[Black "Domalchuk Jonasson, Aleksandr"]
[Result "0-1"]
[WhiteElo "2293"]
[BlackElo "2352"]
[PlyCount "100"]
[EventDate "2023.01.08"]
[EventType "swiss"]
[EventRounds "9"]
[EventCountry "ISL"]
[SourceTitle "EXT 2024"]
[Source "ChessBase"]
[SourceDate "2023.10.10"]
[SourceVersion "1"]
[SourceVersionDate "2023.10.10"]
[SourceQuality "1"]

1. d4 e6 2. Nf3 Nf6 3. g3 d5 4. Bg2 Be7 5. 0-0 0-0 6. b3 c5 7. Bb2 cxd4 8. Nxd4 e5 9. Nf3 e4 10. Nd4 Nc6 11. Qd2 Re8 12. Nc3 Nxd4 13. Qxd4 Be6 14. Rfd1 Qc7 15. e3 Rac8 16. a3 a6 17. Rac1 Bc5 18. Qd2 Bxa3 19. Nb5 axb5 20. Bxa3 Ra8 21. Bb2 Ra2 22. Qd4 Rc8 23. h3 Qc5 24. Qe5 Qc7 25. Qd4 Qc5 26. Qe5 Qf8 27. Bd4 Rcxc2 28. Rxc2 Rxc2 29. Ra1 h6 30. g4 Nd7 31. Qf4 Qb8 32. Qxb8+ Nxb8 33. Ra7 Nc6 34. Rxb7 Nxd4 35. exd4 Rd2 36. Rxb5 Rxd4 37. Rb8+ Kh7 38. Kh2 g6 39. b4 Kg7 40. Kg3 Rd3+ 41. Kh2 f5 42. gxf5 gxf5 43. b5 Rb3 44. b6 d4 45. b7 Bd7 46. f3 e3 47. f4 e2 48. Rg8+ Kxg8 49. Bd5+ Kg7 50. Bxb3 e1Q 0-1

[Event "Reykjavik Skakping op"]
[Site "Reykjavik"]
[Date "2023.01.15"]
[Round "3"]
[White "Kjartansson, David"]
[Black "Hardarson, Petur Palmi"]
[Result "1-0"]
[WhiteElo "2293"]
[BlackElo "2095"]
[PlyCount "63"]
[EventDate "2023.01.08"]
[EventType "swiss"]
[EventRounds "9"]
[EventCountry "ISL"]
[SourceTitle "EXT 2024"]
[Source "ChessBase"]
[SourceDate "2023.10.10"]
[SourceVersion "1"]
[SourceVersionDate "2023.10.10"]
[SourceQuality "1"]

1. e4 c5 2. Nc3 Nc6 3. Nf3 e5 4. Bc4 d6 5. d3 Be7 6. 0-0 Nf6 7. Ng5 0-0 8. f4 h6 9. Nf3 exf4 10. Bxf4 Bg4 11. h3 Bxf3 12. Qxf3 a6 13. a4 Rb8 14. Qf2 Ne5 15. Bxe5 dxe5 16. Kh1 Qd4 17. Qf3 Qd7 18. a5 Qc7 19. Rf2 Rbd8 20. g4 Nh7 21. Nd5 Qd6 22. Qg3 Ng5 23. Raf1 Ne6 24. Nxe7+ Qxe7 25. Qxe5 Kh8 26. Kg2 Rd6 27. Rxf7 Rxf7 28. Rxf7 Qxf7 29. Qxd6 Nf4+ 30. Kh2 Qf6 31. Qxf6 gxf6 32. Bd5 1-0

[Event "ISL-chT Kvika 2223"]
[Site "Reykjavik"]
[Date "2022.10.15"]
[Round "4.1"]
[White "Halldorsson, Bragi"]
[Black "Kjartansson, David"]
[Result "0-1"]
[WhiteElo "2066"]
[BlackElo "2316"]
[PlyCount "94"]
[EventDate "2022.10.13"]
[EventType "team-tourn"]
[EventRounds "10"]
[EventCountry "ISL"]
[SourceTitle "CBM 213 Extra"]
[Source "ChessBase"]
[SourceDate "2023.05.31"]
[SourceVersion "1"]
[SourceVersionDate "2023.05.31"]
[SourceQuality "1"]
[WhiteTeam "Skakdeild KR"]
[BlackTeam "Vikingaklubburinn"]
[WhiteTeamCountry "ISL"]
[BlackTeamCountry "ISL"]

1. d4 d5 2. c4 dxc4 3. e4 Nf6 4. Nc3 a6 5. e5 Nd5 6. Bxc4 Nb6 7. Bb3 Nc6 8. Be3 Bf5 9. Qf3 e6 10. Nge2 Qd7 11. 0-0 0-0-0 12. Rac1 Kb8 13. Rfd1 h5 14. h3 Nb4 15. d5 N6xd5 16. a3 Nd3 17. Rxd3 Bxd3 18. Nf4 Nxf4 19. Bxf4 Be7 20. Rd1 Qc6 21. Rxd3 Rxd3 22. Qxd3 Rd8 23. Qc2 g5 24. Be3 g4 25. hxg4 hxg4 26. Ne4 Qb5 27. Bf4 Rd4 28. Nc3 Qc6 29. Ne2 Qxc2 30. Bxc2 Rd8 31. Kh2 Rh8+ 32. Kg1 Bc5 33. Bd1 b5 34. Ng3 Bd4 35. b3 c5 36. Kf1 Kc7 37. Bxg4 Rh4 38. f3 Bb2 39. a4 c4 40. axb5 cxb3 41. Ke2 a5 42. Kd3 a4 43. Kc4 Ba3 44. Kc3 Kb6 45. Ne2 Rh8 46. Be3+ Ka5 47. Kd3 Rd8+ 0-1

[Event "Titled Tuesday intern op 23rd Aug Early"]
[Site "Chess.com INT"]
[Date "2022.08.23"]
[Round "4"]
[White "Kjartansson, David"]
[Black "Maris, Ivo"]
[Result "1-0"]
[WhiteElo "2316"]
[BlackElo "2411"]
[PlyCount "41"]
[EventDate "2022.08.23"]
[EventType "swiss (blitz)"]
[EventRounds "11"]
[EventCountry "USA"]
[SourceTitle "EXT 2023"]
[Source "ChessBase"]
[SourceDate "2022.10.05"]
[SourceVersion "1"]
[SourceVersionDate "2022.10.05"]
[SourceQuality "1"]

1. c4 g6 2. Nc3 Bg7 3. d4 d6 4. Nf3 e5 5. e4 Nc6 6. dxe5 dxe5 7. Qxd8+ Nxd8 8. Nb5 Ne6 9. Ng5 Nxg5 10. Bxg5 Kd7 11. 0-0-0+ Kc6 12. b4 a5 13. Na7+ Rxa7 14. b5+ Kc5 15. Rd5+ Kb4 16. Bd2+ Ka4 17. Bd3 Bh6 18. Bc2+ Ka3 19. Rd3+ Kxa2 20. Bb1+ Ka1 21. Ra3# 1-0

[Event "Titled Tuesday intern op 23rd Aug Early"]
[Site "Chess.com INT"]
[Date "2022.08.23"]
[Round "1"]
[White "Orzech, Dominik"]
[Black "Kjartansson, David"]
[Result "1-0"]
[WhiteElo "2325"]
[BlackElo "2316"]
[PlyCount "59"]
[EventDate "2022.08.23"]
[EventType "swiss (blitz)"]
[EventRounds "11"]
[EventCountry "USA"]
[SourceTitle "EXT 2023"]
[Source "ChessBase"]
[SourceDate "2022.10.05"]
[SourceVersion "1"]
[SourceVersionDate "2022.10.05"]
[SourceQuality "1"]

1. d4 Nf6 2. Nf3 e6 3. c4 d5 4. Nc3 Be7 5. cxd5 exd5 6. Bg5 c6 7. Qc2 Nbd7 8. e3 Nf8 9. Bd3 Ne6 10. Bh4 g6 11. 0-0 0-0 12. Rab1 Ng7 13. b4 Bf5 14. b5 cxb5 15. Rxb5 b6 16. Bxf6 Bxf6 17. Nxd5 Rc8 18. Qb3 Bd7 19. Nxf6+ Qxf6 20. Re5 Ne6 21. Bc4 Rfd8 22. h3 b5 23. Bxb5 Rb8 24. Qa4 Bxb5 25. Rxb5 Rbc8 26. Rb7 h5 27. Ne5 Ng5 28. h4 Ne4 29. Rxf7 Qxh4 30. Qxa7 1-0

[Event "Titled Tuesday intern op 09th Aug Late"]
[Site "Chess.com INT"]
[Date "2022.08.09"]
[Round "6"]
[White "Kjartansson, David"]
[Black "Terry, Renato"]
[Result "0-1"]
[WhiteElo "2316"]
[BlackElo "2507"]
[PlyCount "72"]
[EventDate "2022.08.09"]
[EventType "swiss (blitz)"]
[EventRounds "11"]
[EventCountry "USA"]
[SourceTitle "EXT 2023"]
[Source "ChessBase"]
[SourceDate "2022.10.05"]
[SourceVersion "1"]
[SourceVersionDate "2022.10.05"]
[SourceQuality "1"]

1. d4 e6 2. Nc3 Nf6 3. Bf4 Bb4 4. Qd3 d6 5. 0-0-0 Nc6 6. f3 Bxc3 7. Qxc3 Nd5 8. Qd2 Nxf4 9. Qxf4 Qe7 10. Qd2 0-0 11. e4 e5 12. d5 Nb8 13. h4 a5 14. g4 Nd7 15. Kb1 Nc5 16. Bb5 a4 17. Ne2 Bd7 18. Bxd7 Qxd7 19. Ng3 Ra6 20. Nf5 f6 21. Rdg1 g6 22. Nh6+ Kg7 23. g5 f5 24. exf5 gxf5 25. g6 Qe7 26. gxh7+ Kxh7 27. Qg2 Qf6 28. Nxf5 Raa8 29. h5 Rg8 30. Qg6+ Rxg6 31. hxg6+ Kg8 32. Nh6+ Kg7 33. Rh5 Rh8 34. Nf5+ Kg8 35. Rxh8+ Kxh8 36. g7+ Kg8 0-1

[Event "Titled Tuesday intern op 09th Aug Late"]
[Site "Chess.com INT"]
[Date "2022.08.09"]
[Round "3"]
[White "Lach, Aleksandra"]
[Black "Kjartansson, David"]
[Result "1/2-1/2"]
[WhiteElo "2152"]
[BlackElo "2316"]
[PlyCount "42"]
[EventDate "2022.08.09"]
[EventType "swiss (blitz)"]
[EventRounds "11"]
[EventCountry "USA"]
[SourceTitle "EXT 2023"]
[Source "ChessBase"]
[SourceDate "2022.10.05"]
[SourceVersion "1"]
[SourceVersionDate "2022.10.05"]
[SourceQuality "1"]

1. e4 c5 2. Nc3 e6 3. Nge2 Nc6 4. g3 Nf6 5. Bg2 Be7 6. 0-0 0-0 7. f4 d5 8. e5 Nd7 9. d3 Rb8 10. a4 a6 11. g4 b5 12. axb5 axb5 13. Ng3 b4 14. Nce2 Nd4 15. Be3 Nxe2+ 16. Qxe2 Bb7 17. f5 Nxe5 18. Bf4 f6 19. Bxe5 fxe5 20. Qxe5 Bf6 21. Qxe6+ Kh8 1/2-1/2

[Event "Titled Tuesday intern op 28th Jun Early"]
[Site "Chess.com INT"]
[Date "2022.06.28"]
[Round "2"]
[White "Cruz, Cristhian"]
[Black "Kjartansson, David"]
[Result "1/2-1/2"]
[WhiteElo "2579"]
[BlackElo "2316"]
[PlyCount "100"]
[EventDate "2022.06.28"]
[EventType "swiss (blitz)"]
[EventRounds "11"]
[EventCountry "USA"]
[SourceTitle "CBM 209 Extra"]
[Source "ChessBase"]
[SourceDate "2022.09.30"]
[SourceVersion "1"]
[SourceVersionDate "2022.09.30"]
[SourceQuality "1"]

1. c4 c5 2. Nf3 Nc6 3. Nc3 g6 4. e3 Nf6 5. d4 cxd4 6. exd4 d5 7. cxd5 Nxd5 8. Qb3 Nxc3 9. Bc4 e6 10. bxc3 Bg7 11. Ba3 Bf8 12. Bc1 Bg7 13. Ba3 Bf8 14. Bxf8 Kxf8 15. Bb5 Bd7 16. h4 h5 17. 0-0 Kg7 18. Bd3 Na5 19. Qb2 b6 20. Ne5 Rc8 21. c4 Be8 22. d5 f6 23. Nf3 Bf7 24. Rad1 exd5 25. cxd5 Rc5 26. d6 Rd5 27. Bc2 Qxd6 28. Rxd5 Qxd5 29. Rd1 Qc5 30. Rd7 Re8 31. Rxa7 Nc6 32. Rc7 Re7 33. Rxe7 Nxe7 34. Bb3 Qb4 35. Qc2 Bxb3 36. axb3 Qc5 37. Qe4 Kf7 38. Qf4 Nf5 39. Qb8 Qd6 40. Qb7+ Ne7 41. Qe4 Qd5 42. Qe3 b5 43. Nd4 b4 44. g3 Qe5 45. Qd3 Nd5 46. Qc4 Qe1+ 47. Kg2 Qe4+ 48. Kg1 Qe1+ 49. Kg2 Qe4+ 50. Kg1 Qe1+ 1/2-1/2

[Event "Titled Tuesday intern op 28th Jun Early"]
[Site "Chess.com INT"]
[Date "2022.06.28"]
[Round "7"]
[White "Kjartansson, David"]
[Black "Adla, Diego Gustavo"]
[Result "1-0"]
[WhiteElo "2316"]
[BlackElo "2407"]
[PlyCount "65"]
[EventDate "2022.06.28"]
[EventType "swiss (blitz)"]
[EventRounds "11"]
[EventCountry "USA"]
[SourceTitle "CBM 209 Extra"]
[Source "ChessBase"]
[SourceDate "2022.09.30"]
[SourceVersion "1"]
[SourceVersionDate "2022.09.30"]
[SourceQuality "1"]

1. d4 Nf6 2. Nc3 d5 3. Bf4 a6 4. e3 Bf5 5. Nf3 e6 6. Ne5 Bd6 7. g4 Bxe5 8. dxe5 Nxg4 9. f3 Nh6 10. e4 Bh3 11. Qd2 Bxf1 12. Rxf1 dxe4 13. Qxd8+ Kxd8 14. 0-0-0+ Kc8 15. fxe4 Rf8 16. Rg1 b5 17. Rxg7 Ng8 18. Rxh7 Kb7 19. h4 Nc6 20. h5 Nge7 21. Rh1 Rg8 22. Rxf7 Rg2 23. Be3 Rh8 24. h6 Ng8 25. h7 Nxe5 26. Rf2 Rxf2 27. Bxf2 Nf6 28. Bd4 Nfd7 29. Ne2 Kc6 30. Nf4 Kd6 31. b4 Nf8 32. Bc5+ Kd7 33. Bxf8 1-0